[Event "Brasil Copel Telecom SESC 2018"]
[Site "Caioba Matinhos"]
[Date "2018.08.03"]
[Round "5"]
[White "Di Berardino, Diego Rafael"]
[Black "Filgueiras, Nathan Felipe"]
[Result "1-0"]
[WhiteElo "2528"]
[BlackElo "2140"]
[Annotator "RC"]
[PlyCount "79"]
[EventDate "2018.08.01"]
[EventType "swiss"]
[EventCountry "BRA"]
[SourceTitle "playchess.com"]
[Source "ChessBase"]
[SourceQuality "1"]
[TimeControl "5400+30"]

1. e4 {[%emt 0:00:05]} c5 {[%emt 0:00:00]} 2. Nc3 {[%emt 0:00:16]} Nc6 {[%emt 0:00:20]} 3. Nge2 {[%emt 0:00:32]} d6 {[%emt 0:01:55]} 4. d4 {[%emt 0:00:59]} cxd4 {[%emt 0:01:54]} 5. Nxd4 {[%emt 0:00:05]} e5 {[%emt 0:00:13]} 6. Nf5 {[%emt 0:00:26]} Bxf5 {[%emt 0:03:02]} 7. exf5 {[%emt 0:00:03]} Nf6 {[%emt 0:01:36]} 8. g4 {[%emt 0:31:55]} d5 {[%emt 0:11:44]} 9. Bg2 {[%emt 0:00:06]} d4 {[%emt 0:03:56]} 10. Ne4 {[%emt 0:00:05]} Bb4+ {[%emt 0:01:30]} 11. Kf1 {[%emt 0:00:10]} Nd5 {[%emt 0:03:01]} 12. a3 {[%emt 0:17:36]} Be7 {[%emt 0:07:55]} 13. g5 {[%emt 0:03:14]} Qc7 {[%emt 0:10:31]} 14. Bh3 {[%emt 0:15:59]} Rd8 {[%emt 0:13:53]} 15. Qd3 {[%emt 0:03:30]} g6 {[%emt 0:08:05]} 16. f6 {[%emt 0:13:10]} Bd6 {[%emt 0:06:09]} 17. c4 {[%emt 0:05:14]} Nf4 {[%emt 0:06:49]} 18. Bxf4 {[%emt 0:00:20]} exf4 {[%emt 0:00:07]} 19. c5 {[%emt 0:00:47]} Be5 {[%emt 0:00:33]} 20. Bg4 {[%emt 0:00:21]} h5 {[%emt 0:03:07]} 21. gxh6 {[%emt 0:00:24]} Rxh6 {[%emt 0:01:19]} 22. h4 {[%emt 0:00:20]} Kf8 {[%emt 0:01:34]} 23. h5 {[%emt 0:01:25]} g5 {[%emt 0:00:50]} 24. Nxg5 {[%emt 0:01:30]} Bxf6 {[%emt 0:01:54]} 25. Nf3 {[%emt 0:00:48]} Ne5 {[%emt 0:01:46]} 26. Nxe5 {[%emt 0:00:03]} Qxe5 {[%emt 0:00:16]} 27. b4 {[%emt 0:00:17]} Re8 {[%emt 0:04:21]} 28. Bf3 {[%emt 0:00:05]} Re7 {[%emt 0:00:38]} 29. Rg1 {[%emt 0:01:16]} Bg7 {[%emt 0:01:35]} 30. Rc1 {[%emt 0:00:36]} Rhe6 {[%emt 0:01:22]} 31. b5 {[%emt 0:00:44]} Qf6 {[%emt 0:00:43]} 32. c6 {[%emt 0:00:56]} bxc6 {[%emt 0:00:43]} 33. bxc6 {[%emt 0:00:04]} Rc7 {[%emt 0:00:30]} 34. Rb1 {[%emt 0:00:07]} Qe5 {[%emt 0:01:31]} 35. Rb5 {[%emt 0:00:44]} Qe1+ {[%emt 0:00:31]} 36. Kg2 {[%emt 0:00:04]} Qc3 {[%emt 0:00:15]} 37. Qf5 {[%emt 0:02:00]} d3 {[%emt 0:00:57]} 38. Qd5 {[%emt 0:01:04]} Bf6 {[%emt 0:00:37]} 39. Rb8+ {[%emt 0:00:41]} Ke7 {[%emt 0:00:36]} 40. Qd8# {[%emt 0:00:35] Kf8 [%emt 00:01:53]} 1-0

[Event "Brasil Copel Telecom SESC 2018"]
[Site "Caioba Matinhos"]
[Date "2018.08.03"]
[Round "5"]
[White "Cubas, Jose Fernando"]
[Black "Carneiro, Vitor Roberto Castr"]
[Result "1-0"]
[WhiteElo "2489"]
[BlackElo "2429"]
[Annotator "ChessBase"]
[PlyCount "44"]
[EventDate "2018.08.01"]
[EventType "swiss"]
[EventCountry "BRA"]
[SourceTitle "playchess.com"]
[Source "ChessBase"]
[SourceQuality "1"]
[TimeControl "5400+30"]

1. e4 {[%emt 1:27:28]} c5 {[%emt 1:27:27]} 2. Nf3 {[%emt 0:00:29]} e6 {[%emt 0:00:28]} 3. d4 {[%emt 0:00:29]} cxd4 {[%emt 0:00:29]} 4. Nxd4 {[%emt 0:00:29]} a6 {[%emt 0:00:29]} 5. Nc3 {[%emt 0:00:30]} Qc7 {[%emt 0:00:29]} 6. Be3 {[%emt 0:00:34]} Nf6 {[%emt 0:00:30]} 7. f3 {[%emt 0:00:29]} b5 {[%emt 0:00:31]} 8. Bd3 {[%emt 0:00:37]} Bb7 {[%emt 0:00:29]} 9. O-O {[%emt 0:00:30]} d5 {[%emt 0:00:44]} 10. exd5 Nxd5 {[%emt 0:00:29]} 11. Nxd5 {[%emt 0:01:16]} Bxd5 {[%emt 0:00:29]} 12. Qd2 {[%emt 0:00:34]} Bd6 {[%emt 0:00:31]} 13. h3 {[%emt 0:00:33]} O-O {[%emt 0:00:37]} 14. Ne2 {[%emt 0:00:31]} Nd7 {[%emt 0:00:37]} 15. Kh1 {[%emt 0:00:31]} Rac8 {[%emt 0:00:43]} 16. c3 {[%emt 0:00:55]} Nf6 {[%emt 0:00:31]} 17. Bf4 {[%emt 0:01:01]} e5 {[%emt 0:00:29]} 18. Be3 {[%emt 0:00:32]} Bb7 {[%emt 0:00:33]} 19. Rad1 {[%emt 0:00:30]} Rfd8 {[%emt 0:00:29]} 20. Qe1 {[%emt 0:00:38]} Bc5 {[%emt 0:00:39]} 21. Bxc5 Qxc5 {[%emt 0:00:30]} 22. Ng3 {[%emt 0:01:04]} Re8 {[%emt 0:00:45]} 1-0

[Event "Brasil Copel Telecom SESC 2018"]
[Site "Caioba Matinhos"]
[Date "2018.08.03"]
[Round "6"]
[White "Granda Zuniga, Julio E"]
[Black "Cubas, Jose Fernando"]
[Result "1/2-1/2"]
[WhiteElo "2631"]
[BlackElo "2489"]
[Annotator "TA"]
[PlyCount "72"]
[EventDate "2018.08.01"]
[EventType "swiss"]
[EventCountry "BRA"]
[SourceTitle "playchess.com"]
[Source "ChessBase"]
[SourceQuality "1"]

{[%evp 14,72,36,18,39,27,96,43,63,41,79,12,35,24,45,25,45,46,54,55,46,57,62,62,74,25,25,32,59,39,85,74,86,87,92,95,109,50,49,49,36,72,51,-116,-151,-150,-150,-180,-179,-395,-395,-385,-386,-375,0,0,0,-333,0,0,6710]} 1. c4 e6 2. Nc3 d5 3. d4 Nf6 4. Bg5 Nbd7 5. e3 Be7 6. Rc1 O-O 7. Nf3 a6 8. c5 {LiveBook: 146 Partien} Re8 {D63: Damengambit (Hauptvariante mit 7.Tc1)} 9. Bd3 Nf8 (9... c6 $11) 10. h4 $146 (10. O-O $16) ({Vorgänger:} 10. O-O Nh5 11. Bxe7 Rxe7 12. Ne5 Nf6 13. f4 Ne8 14. g4 f6 15. Nf3 b5 16. g5 {½-½ (33) Romanishin,O (2610)-Ljubojevic,L (2590) Reggio Emilia 1991}) 10... N6d7 {Weiß steht etwas besser.} 11. Bxe7 Qxe7 12. e4 (12. O-O $16) 12... dxe4 $11 13. Nxe4 Nf6 14. O-O Bd7 15. Nxf6+ Qxf6 16. Be4 Rab8 17. Re1 Bc6 18. Bxc6 bxc6 19. Qe2 Ng6 $1 20. g3 h6 21. Rc3 a5 22. Ra3 Rb5 23. h5 Ne7 24. Ne5 {Und Tf3 würde nun gewinnen.} Rb4 25. Rd1 (25. Rd3 $16) 25... Nf5 $14 26. Nxc6 Nxd4 27. Rxd4 Rxd4 28. Rf3 $2 {[#]} (28. Nxd4 $14 {nur das bewahrt Vorteil.} Qxd4 29. Rxa5) 28... Rd2 $1 $17 {[%cal Rd2e2][%mdl 512]} 29. Qxd2 Qxf3 {[%mdl 4096] Endspiel KDT-KDS} 30. Qd7 Rf8 31. Qxc7 $2 (31. Ne7+ Kh7 32. c6) 31... Qd1+ $19 32. Kg2 Qd5+ 33. Kg1 Qd1+ $2 ({Lieber} 33... Qxa2 $19 34. Qe5 Qc4 35. Ne7+ Kh7) 34. Kg2 $11 Qd5+ $2 {[%mdl 8192]} (34... a4 $11 35. Qd6 Qe2) 35. Kg1 $1 $19 {[#] Se7+ ist eine echte Drohung.} Qd1+ $2 ({Minderwertig wäre} 35... Qxh5 36. Ne7+ Kh7 37. Qd6 $11) (35... Qxa2 $19 36. Qb6 Qb1+ 37. Kh2 Qd1) 36. Kg2 $11 Qd7 $2 {[%mdl 40960] Precision: Weiß = 33%, Schwarz = 42%. . An unexpected result.} (36... Qa4 $11) 1/2-1/2

[Event "Brasil Copel Telecom SESC 2018"]
[Site "Caioba Matinhos"]
[Date "2018.08.03"]
[Round "6"]
[White "Sunye Neto, Jaime"]
[Black "Garcia Palermo, Carlos"]
[Result "1/2-1/2"]
[WhiteElo "2488"]
[BlackElo "2390"]
[Annotator "RC"]
[PlyCount "36"]
[EventDate "2018.08.01"]
[EventType "swiss"]
[EventCountry "BRA"]
[SourceTitle "playchess.com"]
[Source "ChessBase"]
[SourceQuality "1"]
[TimeControl "5400+30"]

1. c4 {[%emt 0:00:00]} e6 {[%emt 0:00:26]} 2. Nc3 {[%emt 0:00:00]} d5 {[%emt 0:00:06]} 3. d4 {[%emt 0:00:00]} Nf6 {[%emt 0:00:09]} 4. Nf3 {[%emt 0:00:21]} Be7 {[%emt 0:00:10]} 5. Bg5 {[%emt 0:00:17]} Nbd7 {[%emt 0:00:19]} 6. e3 {[%emt 0:00:09]} O-O {[%emt 0:00:30]} 7. Rc1 {[%emt 0:01:22]} c6 {[%emt 0:00:15]} 8. Bd3 {[%emt 0:04:38]} dxc4 {[%emt 0:00:12]} 9. Bxc4 {[%emt 0:00:08]} Nd5 {[%emt 0:00:06]} 10. Bxe7 {[%emt 0:00:09]} Qxe7 {[%emt 0:00:06]} 11. O-O {[%emt 0:02:06]} Nxc3 {[%emt 0:01:32]} 12. Rxc3 {[%emt 0:00:10]} e5 {[%emt 0:00:28]} 13. Nxe5 {[%emt 0:04:05]} Nxe5 {[%emt 0:00:10]} 14. dxe5 {[%emt 0:00:16]} Qxe5 {[%emt 0:00:06]} 15. Qc2 {[%emt 0:05:54]} Bf5 {[%emt 0:05:12]} 16. Bd3 {[%emt 0:01:32]} Bxd3 {[%emt 0:00:35]} 17. Rxd3 {[%emt 0:00:09]} Rad8 {[%emt 0:00:42]} 18. b3 {[%emt 0:01:08]} Qa5 {[%emt 0:04:05]} 1/2-1/2

[Event "Brasil Copel Telecom SESC 2018"]
[Site "Caioba Matinhos"]
[Date "2018.08.03"]
[Round "6"]
[White "Rodriguez Vila, Andres"]
[Black "Rodi, Luis Ernesto"]
[Result "1-0"]
[WhiteElo "2487"]
[BlackElo "2308"]
[Annotator "TA"]
[PlyCount "75"]
[EventDate "2018.08.01"]
[EventType "swiss"]
[EventCountry "BRA"]
[SourceTitle "playchess.com"]
[Source "ChessBase"]
[SourceQuality "1"]

{[%evp 23,75,-1,-10,-3,-11,-39,61,79,68,14,0,-11,0,0,0,-7,116,123,113,0,167,195,156,64,214,158,329,282,289,220,683,665,609,495,637,581,615,612,797,741,765,780,983,976,1441,1434,1311,1269,1956,1900,2717,5125,29972,29973]} 1. e4 c6 2. d4 d5 3. Nd2 dxe4 4. Nxe4 Bf5 5. Ng3 Bg6 6. Bc4 e6 7. N1e2 Nf6 8. f4 Bd6 9. O-O Qc7 10. f5 exf5 11. Nxf5 Bxf5 12. Rxf5 Nbd7 {LiveBook: 17 Games. B18: Classical Caro-Kann: 4...Bf5 sidelines} (12... Bxh2+ 13. Kh1 Bd6 14. Qe1 Qe7 15. Rf3 O-O 16. Bg5 Nbd7 17. Qh4 Qe4 18. Nf4 Bxf4 19. Bxf4 Qxd4 20. Bd3 {½-½ (41) Belyakov,B (2478)-Lintchevski,D (2554) Kazan 2015}) 13. Qd3 O-O-O 14. Bxf7 $146 ({Predecessor:} 14. Qh3 Kb8 15. Bxf7 Rhf8 16. Bc4 Rfe8 {0-1 (38) Ask,J (2153)-Kassani,S (2030) Stockholm 2014}) 14... Nc5 (14... Rhf8 $15 15. Qb3 Bxh2+ 16. Kh1 Ne4) 15. Qh3 $14 {[#] Hoping for Rxf6+.} Kb8 16. Bc4 (16. dxc5 $14 Bxc5+ 17. Rxc5 (17. Be3 Bxe3+ 18. Qxe3 Qxf7 $11) 17... Rd1+ 18. Kf2 Ne4+ 19. Kf3 Rxc1 20. Kxe4 (20. Nxc1 Nxc5 21. Qf5 Qe7 $11) 20... Rxa1 21. Qg3) 16... Nce4 $11 17. c3 h5 18. Bf4 Ng4 19. Rf1 g6 (19... g5 $1 $11 {remains equal.} 20. Rf7 Qb6) 20. Rf7 $36 {[%mdl 2048] Black is under strong pressure.} Qb6 21. Qf3 (21. Ng3 $16 Bxf4 22. Nxe4 Bxh2+ 23. Kh1) 21... Bxf4 $2 (21... Rhe8 $11) 22. Qxf4+ $18 Nd6 23. Rg7 (23. Re7 $16) 23... Ka8 (23... g5 $1 $14 24. Rxg5 Ne3) 24. Bd3 {And now h3 would win.} a6 $2 (24... Rhe8 $16 {was necessary.}) 25. Rxg6 Qxb2 26. Rxd6 Rdf8 $2 (26... Rxd6 27. Qxd6 Qd2) 27. Qxf8+ Rxf8 28. Rxf8+ Ka7 {intending ...Qd2.} 29. h3 Ne3 30. Rf3 Qd2 31. Nf4 h4 32. Rd7 Nd1 33. c4 {[%cal Bc3c4,Bc4c5][%mdl 32]} Qe1+ {[#]} 34. Bf1 $1 Qe8 35. Rd6 Qe1 36. Nd3 Qe7 37. c5 Qe4 38. Ne5 {Precision: White = 33%, Black = 32%.} 1-0

[Event "Brasil Copel Telecom SESC 2018"]
[Site "Caioba Matinhos"]
[Date "2018.08.03"]
[Round "6"]
[White "Perdomo, Leandro"]
[Black "Rodrigues, Edgar"]
[Result "1-0"]
[WhiteElo "2478"]
[BlackElo "2301"]
[Annotator "TA"]
[PlyCount "65"]
[EventDate "2018.08.01"]
[EventType "swiss"]
[EventCountry "BRA"]
[SourceTitle "playchess.com"]
[Source "ChessBase"]
[SourceQuality "1"]

{[%evp 24,65,41,53,65,28,44,11,13,-21,28,40,33,0,0,0,0,0,0,0,0,0,0,-6,0,0,0,0,31,30,95,92,138,145,150,139,286,162,755,774,783,762,679,679]} 1. d4 Nf6 2. c4 c5 3. d5 e6 4. Nc3 exd5 5. cxd5 d6 6. Nf3 g6 7. Bf4 a6 8. a4 Bg7 9. h3 O-O 10. e3 Qe7 {A61: Modern Benoni: Nf3 without early e4} 11. Be2 (11. Bd3 Nbd7 12. O-O Ne8 13. e4 Rb8 14. Re1 Nc7 15. Qd2 Ne5 16. Nxe5 Bxe5 17. Bxe5 Qxe5 18. a5 {1-0 (42) Akobian,V (2647)-Ponkratov,P (2613) Riadh 2017}) 11... Nbd7 12. O-O Ne8 13. Qb3 {LiveBook: 9 Games} Ne5 14. Nxe5 $146 ({Predecessor:} 14. a5 Nc7 15. Qb6 Nxf3+ 16. Bxf3 Rd8 17. Rad1 Nb5 18. Nxb5 axb5 19. Qxb5 {½-½ (37) O'Donnell,C (2347)-Anikonov,D (2407) Prague 2016}) 14... Bxe5 15. Qc4 f5 16. Rae1 Nc7 17. a5 Bd7 18. Qb3 Rab8 19. Bxe5 Qxe5 20. Bc4 Na8 21. f4 $36 {[%mdl 2048] White has some pressure.} Qg7 22. Qc2 b5 23. axb6 $1 Rxb6 24. b3 {[%cal Bb2b3,Bb3c4][%mdl 32]} Nc7 25. e4 fxe4 26. Nxe4 {[%cal Bc3e4,Be4g5,Bg5e6][%mdl 32]} Bb5 (26... Bf5 $11 {keeps the balance.}) 27. Kh1 Bxc4 28. bxc4 ({Inferior is} 28. Qxc4 Rb4 $11) 28... Ne8 29. Ng5 {Threatens to win with Ne6.} Rb2 {[#]} (29... Nc7 $16 {was necessary.} 30. Qa4 Rfb8) 30. Qe4 (30. Qa4 $142 $1 Nc7 31. Qc6) 30... Nf6 $2 (30... Qf6) 31. Qe6+ $18 {White is clearly winning.} Kh8 32. Qxd6 Nh5 33. Ne6 {Precision: White = 66%, Black = 29%.} 1-0

[Event "Brasil Copel Telecom SESC 2018"]
[Site "Caioba Matinhos"]
[Date "2018.08.03"]
[Round "6"]
[White "Quintiliano Pinto, Renato R."]
[Black "Di Berardino, Diego Rafael"]
[Result "1/2-1/2"]
[WhiteElo "2436"]
[BlackElo "2528"]
[Annotator "TA"]
[PlyCount "33"]
[EventDate "2018.08.01"]
[EventType "swiss"]
[EventCountry "BRA"]
[SourceTitle "playchess.com"]
[Source "ChessBase"]
[SourceQuality "1"]

{[%evp 12,33,22,27,19,0,8,0,9,0,0,0,6,7,5,0,6,0,12,-8,-7,-7,-14,-18]} 1. d4 Nf6 2. Nf3 g6 3. b3 Bg7 4. Bb2 O-O 5. e3 d5 6. c4 {D04: Colle System} c5 7. dxc5 {LiveBook: 5 Games} Na6 (7... Qa5+ 8. Nbd2 Qxc5 9. Rc1 Nc6 10. a3 a5 11. Be2 Rd8 12. O-O dxc4 13. Nd4 Nxd4 14. Bxd4 Qxa3 15. Nxc4 {0-1 (57) Nakamura,H (2769)-Mamedyarov,S (2808) Paris 2018}) 8. cxd5 {The position is equal.} Nxc5 9. Be2 $146 ({Predecessor:} 9. b4 Nce4 10. Qb3 Ng4 11. Bxg7 Kxg7 12. Be2 Ngxf2 13. O-O Ng4 {½-½ (45) Rodriguez Vila,A (2444)-Barbosa,E (2449) Florianopolis 2015}) 9... Qxd5 ({Much weaker is} 9... Nfe4 $6 10. Bxg7 Kxg7 11. Qd4+ (11. b4 Nd7 $16) 11... f6 12. Nbd2 $16) 10. O-O b6 11. Nc3 Qxd1 12. Rfxd1 Bb7 13. Nd4 Nfe4 14. Rac1 Rfc8 15. Bf3 Nxc3 16. Bxc3 Bxf3 17. gxf3 {Precision: White = 48%, Black = 71%.} 1/2-1/2

[Event "Brasil Copel Telecom SESC 2018"]
[Site "Caioba Matinhos"]
[Date "2018.08.03"]
[Round "6"]
[White "Carneiro, Vitor Roberto Castr"]
[Black "Martins, Carlos"]
[Result "1-0"]
[WhiteElo "2429"]
[BlackElo "2258"]
[Annotator "TA"]
[PlyCount "27"]
[EventDate "2018.08.01"]
[EventType "swiss"]
[EventCountry "BRA"]
[SourceTitle "playchess.com"]
[Source "ChessBase"]
[SourceQuality "1"]

{[%evp 11,27,12,8,0,22,-9,-10,-14,-13,-12,18,8,56,66,72,32,79,73]} 1. d4 f5 2. Bg5 g6 3. Nc3 Bg7 4. h4 h6 5. Bf4 Nf6 6. Qd2 {A80: Dutch Defence: Unusual White second moves} (6. Qd3 d6 7. O-O-O Nc6 8. Nh3 O-O 9. e4 Qe8 10. e5 Nh5 11. g3 Kh7 12. Qe3 {1-0 (31) Ivanisevic,I (2593)-Rasmussen,A (2542) Heraklio 2017}) 6... d6 {LiveBook: 7 Games} 7. e3 c6 8. Bc4 {The position is equal.} b5 $146 ({Predecessor:} 8... Nbd7 9. Nge2 Nb6 10. Bb3 Nbd5 11. f3 {½-½ (32) Bonnaud,R-Prakken,G (2260) Avoine 1996}) 9. Bb3 a5 {[%cal Ba7a5,Ba5a4][%mdl 32] [#] ...a4 is the strong threat.} 10. a3 a4 11. Ba2 d5 12. Nge2 Be6 13. Ng3 h5 {[#]} 14. e4 $1 1-0

[Event "Brasil Copel Telecom SESC 2018"]
[Site "Caioba Matinhos"]
[Date "2018.08.03"]
[Round "6"]
[White "Cadilhac, Igor Tokuichi Kikuc"]
[Black "Santiago, Yago De Moura"]
[Result "0-1"]
[WhiteElo "2289"]
[BlackElo "2460"]
[Annotator "TA"]
[PlyCount "41"]
[EventDate "2018.08.01"]
[EventType "swiss"]
[EventCountry "BRA"]
[SourceTitle "playchess.com"]
[Source "ChessBase"]
[SourceQuality "1"]

{[%evp 23,41,0,0,-20,-11,-86,-82,-270,-239,-251,-262,-283,-275,-332,-285,-340,-317,-952,-937,-1217]} 1. e4 e6 2. d4 d5 3. Nc3 Nf6 4. e5 Nfd7 5. f4 c5 6. Nf3 Nc6 7. Be3 Qb6 8. Na4 Qa5+ 9. c3 b6 10. a3 {C11: French: Classical System: 4 e5 and 4 Bg5 dxe4} c4 11. b4 cxb3 12. Qxb3 Ba6 {LiveBook: 7 Games} 13. f5 Be7 (13... exf5 $6 14. Bxa6 Qxa6 15. Qxd5 $14) 14. Nd2 $146 (14. Nb2 $11 {remains equal.}) ({Predecessor:} 14. Nb2 Rc8 15. Kf2 O-O 16. Bd3 Bxd3 17. Nxd3 Qa6 {0-1 (57) Pavlov,S (2433)-Drozdovskij,Y (2587) Odessa 2008}) 14... Rc8 15. Nb2 $2 (15. fxe6 $17 {is a better defense.} fxe6 16. Bxa6 Qxa6 17. Rf1) 15... Bxf1 16. Rxf1 {[#]} Ncxe5 $1 {[%mdl 512]} 17. Rc1 (17. dxe5 Rxc3) 17... Ng4 ({Worse is} 17... Qxa3 18. dxe5 Nxe5 19. fxe6 $11) (17... Bxa3 18. dxe5 Nxe5 19. Ke2 $15) 18. Bf4 Qxa3 ({But not} 18... Bxa3 19. fxe6 fxe6 20. h3 $19) ({Don't do} 18... exf5 19. h3) 19. Qc2 O-O {Strongly threatening ...Rfe8.} 20. Nb3 $2 {[#]} (20. fxe6 fxe6 21. Nb1) 20... Rxc3 $1 $19 {[%mdl 512]} 21. Qd1 {Precision: White =  0%, Black = 87%.} (21. Qxc3 Bb4) 0-1

[Event "Brasil Copel Telecom SESC 2018"]
[Site "Caioba Matinhos"]
[Date "2018.08.04"]
[Round "7"]
[White "Supi, Luis Paulo"]
[Black "Umetsubo, Cesar Hidemitsu"]
[Result "1/2-1/2"]
[WhiteElo "2565"]
[BlackElo "2404"]
[Annotator "TA"]
[PlyCount "106"]
[EventDate "2018.08.01"]
[EventType "swiss"]
[EventCountry "BRA"]
[SourceTitle "playchess.com"]
[Source "ChessBase"]
[SourceQuality "1"]

{[%evp 26,106,15,0,8,6,4,0,1,8,24,19,37,8,24,0,5,13,18,0,0,0,0,0,10,0,-1,-3,0,0,0,0,0,-21,0,-21,0,-24,-12,-42,-33,-44,-45,-39,-19,-26,-17,-11,0,-86,-79,-83,-85,-80,-58,-124,-50,-50,-48,-48,-48,-48,-48,-48,-48,-48,-48,-95,-65,-66,-48,-66,-66,-66,-73,-71,0,-66,0,0,0,-80,0]} 1. c4 Nf6 2. d4 e6 3. Nc3 Bb4 4. e3 c5 5. Nge2 cxd4 6. exd4 d5 7. a3 Be7 8. Nf4 Nc6 9. Be3 O-O 10. cxd5 Nxd5 11. Ncxd5 exd5 12. Bd3 Bf6 13. O-O g6 14. Bc2 {LiveBook: 23 Partien} Re8 {E42: Nimzoindisch (Rubinstein-System)} (14... Qd6 15. Qd2 Bd7 16. b4 Ne7 17. Bb3 Rac8 18. a4 b6 19. b5 Bg7 20. Nd3 Nf5 21. Bf4 Qe7 22. Rfe1 {½-½ (34) Vitiugov,N (2719)-Morozevich,A (2739) Tromsoe 2013}) 15. Rc1 $146 ({Vorgänger:} 15. Qd2 Be6 16. Rad1 Qb6 17. Bb1 Rad8 18. Rfe1 Qa5 19. Qc1 Qb6 20. Qd2 Qa5 21. Qc1 Qb6 22. Qd2 {½-½ (22) Euler,G (2383)-Polak,T (2499) Germany 2001}) 15... Qd6 16. Qd2 Be6 {Die Stellung ist ausgeglichen.} 17. Ba4 Rec8 18. Nxe6 Qxe6 19. Rce1 Qe4 {[%cal Rc6d4]} 20. f3 Qh4 {[%cal Rf6d4]} 21. Kh1 Bg7 22. Bb3 Qd8 23. Ba2 Qd7 24. Bf2 Qf5 25. h3 b6 26. Re2 Re8 27. Rxe8+ Rxe8 28. b4 Nd8 29. Bb1 Qf6 (29... Qd7 {keeps more tension.} 30. Ba2 Bf6 31. Bb3 Ne6 32. Re1 Rc8) 30. Re1 Ne6 31. Qc1 Qd8 32. Rd1 Qd7 33. Ba2 Rc8 $36 {[%mdl 2048] Schwarz steht aktiver.} 34. Qd2 Qa4 35. Rc1 ({Viel schlechter ist} 35. Bxd5 Rc2 $17) 35... Rxc1+ 36. Qxc1 Bxd4 37. Bg3 (37. Qc8+ $11 {bleibt in der Remisbreite.} Kg7 38. Bxd4+ Nxd4 39. Qc3 Qd1+ 40. Kh2) 37... Qb5 38. Qd1 a5 39. bxa5 Qxa5 40. Kh2 ({Günstiger ist} 40. Bd6 $15) 40... Qxa3 (40... Qc5 $17 41. Bb3 b5) 41. Bxd5 $15 Qe3 42. Bxe6 fxe6 43. h4 h5 44. Kh3 Kh7 45. Qa4 Bg7 46. Bd6 Qd4 47. Qd7 Qd5 48. Qc7 b5 49. Kh2 Qc4 50. Qe7 {[#] zielt auf Le5 ab.} Qd5 (50... Qc3 $17 {Droht ...Df6 und aus.} 51. Kg3 Qf6) 51. f4 (51. Qc7 $1 $11) 51... Kg8 52. Qe8+ Kh7 53. Qe7 {Und weiter mit Le5 wäre nett.} Kg8 {Precision: Weiß = 46%, Schwarz = 49%.} (53... Kh6 $17) 1/2-1/2

[Event "Brasil Copel Telecom SESC 2018"]
[Site "Caioba Matinhos"]
[Date "2018.08.04"]
[Round "7"]
[White "Di Berardino, Diego Rafael"]
[Black "Carneiro, Vitor Roberto Castr"]
[Result "1-0"]
[WhiteElo "2528"]
[BlackElo "2429"]
[Annotator "TA"]
[PlyCount "83"]
[EventDate "2018.08.01"]
[EventType "swiss"]
[EventCountry "BRA"]
[SourceTitle "playchess.com"]
[Source "ChessBase"]
[SourceQuality "1"]

{[%evp 24,83,0,0,0,0,0,6,6,0,13,0,28,35,44,37,72,78,71,83,106,62,115,104,201,201,233,98,148,89,196,192,470,444,423,201,638,589,952,952,962,947,911,898,874,827,1526,1273,2179,2048,29989,29990,29990,29991,29991,12820,5717,5681,2354,2130,29989,29990]} 1. e4 c6 2. d4 d5 3. exd5 cxd5 4. c4 Nf6 5. Nc3 Nc6 6. Bg5 e6 7. Nf3 Be7 8. c5 Ne4 9. Bxe7 Qxe7 10. Bb5 {B14: Caro-Kann: Panov-Botvinnik Attack with 5...e6 and 5...g6} (10. Rc1 O-O 11. Bb5 Nxc3 12. Rxc3 e5 13. dxe5 Nxe5 14. Nxe5 Qxe5+ 15. Qe2 Qg5 16. O-O d4 17. Rcc1 Be6 18. a3 a6 19. Bd3 Bd5 20. f4 {½-½ (81) Sargissian,G (2674)-Banusz,T (2583) Plovdiv 2012}) 10... Bd7 11. O-O O-O 12. Re1 Nxc3 13. bxc3 {LiveBook: 5 Games} Na5 14. Bd3 b6 15. cxb6 axb6 16. Ne5 g6 $146 ({Predecessor:} 16... Rfc8 17. Re3 g6 18. Rb1 Nc6 19. Ng4 h5 20. Ne5 Nxe5 21. dxe5 Rxc3 {0-1 (37) Efimov,I (2540)-Prie,E (2465) Corsica 1997}) 17. Qd2 Be8 18. Rab1 f6 19. Ng4 $36 {[%mdl 2048] White is more active.} Rb8 20. Qf4 Bd7 21. h4 {[%cal Bh2h4,Bh4h5,Bh5h6][%mdl 32]} Nc6 22. Qg3 Qg7 (22... Kh8 $14) 23. Bb5 $16 {Strongly threatening Bxc6.} Qe7 (23... Rbc8 $16) 24. h5 $1 $18 Kg7 25. Ne3 (25. hxg6 $18 {and White stays clearly on top.} hxg6 26. Qe3) 25... Qf7 26. Ba4 (26. Rb2 $142) 26... Rfd8 (26... Na5 $16 {is a better defense.} 27. Bb5 g5) 27. Ng4 g5 $2 (27... Kh8 {keeps fighting.}) 28. h6+ Kh8 29. Re3 (29. Bxc6 $142 Bxc6 30. Re3) 29... Rf8 $2 (29... b5) 30. Rf3 Qe7 31. Bxc6 Bxc6 {[#]} 32. Nxf6 $1 {[%mdl 512] White wants to mate with Qe5.} e5 (32... Rxf6 33. Qxb8+) 33. dxe5 d4 34. Rd3 dxc3 35. Rxc3 Be8 36. Rbc1 Bg6 37. Rc7 Qe6 38. Qxg5 Rf7 39. R7c6 (39. Rxf7 $142 Qxf7 {[#]} 40. e6 $1 {[%mdl 512]} Qxe6 41. Rc7 Rg8 42. Qxg6 $1 {[%mdl 512]} Qe1+ 43. Kh2 Qe5+ 44. g3 Qh5+ 45. Qxh5 Rg6 46. Rxh7#) 39... Qf5 40. Qxf5 Bxf5 41. g4 Rxf6 42. exf6 {Precision: White = 62%, Black = 23%.} 1-0